<?xml version="1.0" encoding="UTF-8"?>
<record
    xmlns:xsi="http://www.w3.org/2001/XMLSchema-instance"
    xsi:schemaLocation="http://www.loc.gov/MARC21/slim http://www.loc.gov/standards/marcxml/schema/MARC21slim.xsd"
    xmlns="http://www.loc.gov/MARC21/slim">

  <leader>00530nam a2200181Ia 4500</leader>
  <controlfield tag="003">OSt</controlfield>
  <controlfield tag="005">20200923112512.0</controlfield>
  <controlfield tag="008">190216s9999||||xx |||||||||||||| ||und||</controlfield>
  <datafield tag="040" ind1=" " ind2=" ">
    <subfield code="c">oclc</subfield>
  </datafield>
  <datafield tag="082" ind1=" " ind2=" ">
    <subfield code="a">581.9547</subfield>
    <subfield code="b">COO/F</subfield>
  </datafield>
  <datafield tag="100" ind1=" " ind2=" ">
    <subfield code="a">Cooke, Theodore </subfield>
    <subfield code="9">4856</subfield>
  </datafield>
  <datafield tag="245" ind1=" " ind2="0">
    <subfield code="a">The Flora Of The Presidency Of Bombay /</subfield>
    <subfield code="c">Theodore Cooke</subfield>
  </datafield>
  <datafield tag="250" ind1=" " ind2=" ">
    <subfield code="a">1st Ed.</subfield>
  </datafield>
  <datafield tag="260" ind1=" " ind2=" ">
    <subfield code="b">Botanical Survey Of India, </subfield>
    <subfield code="c">1967.</subfield>
    <subfield code="a">Calcutta:</subfield>
  </datafield>
  <datafield tag="300" ind1=" " ind2=" ">
    <subfield code="a">632p</subfield>
  </datafield>
  <datafield tag="650" ind1=" " ind2=" ">
    <subfield code="a">Botany</subfield>
  </datafield>
  <datafield tag="942" ind1=" " ind2=" ">
    <subfield code="c">BK</subfield>
    <subfield code="2">ddc</subfield>
    <subfield code="h">581.9547</subfield>
    <subfield code="i">COO/F</subfield>
    <subfield code="k">581.9547</subfield>
    <subfield code="m">COO/F</subfield>
  </datafield>
  <datafield tag="952" ind1=" " ind2=" ">
    <subfield code="0">0</subfield>
    <subfield code="1">0</subfield>
    <subfield code="2">ddc</subfield>
    <subfield code="4">0</subfield>
    <subfield code="7">0</subfield>
    <subfield code="8">BOTANY</subfield>
    <subfield code="a">MES</subfield>
    <subfield code="b">MES</subfield>
    <subfield code="c">BOTANY</subfield>
    <subfield code="d">2019-02-20</subfield>
    <subfield code="g">45.50</subfield>
    <subfield code="l">2</subfield>
    <subfield code="o">581.9547 COO/F</subfield>
    <subfield code="p">7273</subfield>
    <subfield code="r">2024-09-26 12:18:14</subfield>
    <subfield code="s">2024-09-25</subfield>
    <subfield code="t">Vol -1</subfield>
    <subfield code="w">2019-02-20</subfield>
    <subfield code="y">BK</subfield>
    <subfield code="z">GL20R4</subfield>
  </datafield>
  <datafield tag="952" ind1=" " ind2=" ">
    <subfield code="0">0</subfield>
    <subfield code="1">0</subfield>
    <subfield code="2">ddc</subfield>
    <subfield code="4">0</subfield>
    <subfield code="7">0</subfield>
    <subfield code="8">BOTANY</subfield>
    <subfield code="a">MES</subfield>
    <subfield code="b">MES</subfield>
    <subfield code="c">BOTANY</subfield>
    <subfield code="d">2019-02-20</subfield>
    <subfield code="l">2</subfield>
    <subfield code="o">581.9547 COO/F</subfield>
    <subfield code="p">7274</subfield>
    <subfield code="r">2024-09-26 12:18:14</subfield>
    <subfield code="s">2024-09-25</subfield>
    <subfield code="t">Vol - 2</subfield>
    <subfield code="w">2019-02-20</subfield>
    <subfield code="y">BK</subfield>
    <subfield code="z">GL20R4</subfield>
  </datafield>
  <datafield tag="952" ind1=" " ind2=" ">
    <subfield code="0">0</subfield>
    <subfield code="1">0</subfield>
    <subfield code="2">ddc</subfield>
    <subfield code="4">0</subfield>
    <subfield code="7">0</subfield>
    <subfield code="8">BOTANY</subfield>
    <subfield code="a">MES</subfield>
    <subfield code="b">MES</subfield>
    <subfield code="c">BOTANY</subfield>
    <subfield code="d">2019-02-20</subfield>
    <subfield code="l">7</subfield>
    <subfield code="m">7</subfield>
    <subfield code="o">581.9547 COO/F</subfield>
    <subfield code="p">7275</subfield>
    <subfield code="r">2025-06-26 13:26:41</subfield>
    <subfield code="s">2025-06-11</subfield>
    <subfield code="t">Vol - 3</subfield>
    <subfield code="w">2019-02-20</subfield>
    <subfield code="y">BK</subfield>
    <subfield code="z">GL20R4</subfield>
  </datafield>
  <datafield tag="999" ind1=" " ind2=" ">
    <subfield code="c">1345</subfield>
    <subfield code="d">1345</subfield>
  </datafield>
</record>
